[Event "Titled Tuesday intern op 28th Apr"]
[Site "Chess.com INT"]
[Date "2020.04.28"]
[Round "3"]
[White "Shailesh, Dravid"]
[Black "Snodgrass, Benjamin"]
[Result "1-0"]
[WhiteElo "2286"]
[BlackElo "2031"]
[PlyCount "75"]
[EventDate "2020.04.28"]
[EventType "swiss (blitz)"]
[EventRounds "10"]
[EventCountry "USA"]
[SourceTitle "EXT 2021"]
[Source "ChessBase"]
[SourceDate "2020.10.23"]
[SourceVersion "1"]
[SourceVersionDate "2020.10.23"]
[SourceQuality "1"]

1. d4 d5 2. c4 c6 3. Nf3 Nf6 4. Nc3 e6 5. e3 Nbd7 6. b3 Bd6 7. Bd3 0-0 8. 0-0 Re8 9. e4 dxe4 10. Nxe4 Nxe4 11. Bxe4 e5 12. Bb2 exd4 13. Qxd4 Bf8 14. Rad1 Qc7 15. Rfe1 Nf6 16. Bxh7+ Kxh7 17. Qh4+ Kg8 18. Bxf6 Rxe1+ 19. Rxe1 gxf6 20. Qxf6 Qd6 21. Qg5+ Qg6 22. Qh4 Be6 23. Re5 Bg7 24. Re3 a5 25. h3 a4 26. Ne5 Qf6 27. Qg3 axb3 28. axb3 Ra1+ 29. Kh2 Bf5 30. f4 Be6 31. Nf3 Qf5 32. Ng5 Qb1 33. Qf2 Qh1+ 34. Kg3 Qd1 35. f5 Bd4 36. fxe6 Bxe3 37. Qxf7+ Kh8 38. Qf8# 1-0

[Event "Titled Tuesday intern op 28th Apr"]
[Site "Chess.com INT"]
[Date "2020.04.28"]
[Round "6"]
[White "Snodgrass, Benjamin"]
[Black "Mazi, Leon"]
[Result "0-1"]
[WhiteElo "2031"]
[BlackElo "2360"]
[PlyCount "128"]
[EventDate "2020.04.28"]
[EventType "swiss (blitz)"]
[EventRounds "10"]
[EventCountry "USA"]
[SourceTitle "EXT 2021"]
[Source "ChessBase"]
[SourceDate "2020.10.23"]
[SourceVersion "1"]
[SourceVersionDate "2020.10.23"]
[SourceQuality "1"]

1. d4 Nf6 2. c4 d6 3. Nc3 e5 4. e3 Be7 5. Nf3 Nbd7 6. Be2 0-0 7. 0-0 c6 8. Qc2 Re8 9. Rd1 Qc7 10. b3 Nf8 11. Bb2 Ng6 12. Rac1 exd4 13. Nxd4 a6 14. Nf5 Bf8 15. Bf3 Ne5 16. Be2 Be6 17. Ng3 Rad8 18. Nce4 Nxe4 19. Nxe4 Bc8 20. Ng5 Ng6 21. h4 f5 22. h5 Ne5 23. h6 gxh6 24. Nf3 Ng4 25. Nd4 Qf7 26. Nf3 Be6 27. Nh4 Re7 28. Qc3 Bg7 29. Qxg7+ Qxg7 30. Bxg7 Kxg7 31. Rc2 Kf6 32. Rcd2 Red7 33. g3 d5 34. Ng2 dxc4 35. Rxd7 Rxd7 36. Rxd7 Bxd7 37. Bxc4 b5 38. Be2 c5 39. Nf4 Bc6 40. Bf1 Ne5 41. Bg2 Bxg2 42. Kxg2 c4 43. bxc4 Nxc4 44. Kf1 Ke5 45. Ke2 a5 46. Kd3 Nd6 47. Ne2 Ne4 48. f3 Nc5+ 49. Kc3 Kd5 50. Nf4+ Kc6 51. Nd3 Nxd3 52. Kxd3 Kd5 53. e4+ fxe4+ 54. fxe4+ Ke5 55. Ke3 b4 56. Kd3 h5 57. Ke3 a4 58. Kd3 b3 59. axb3 axb3 60. Kc3 Kxe4 61. Kxb3 Kf3 62. Kc3 Kxg3 63. Kd2 h4 64. Ke2 Kg2 0-1

[Event "Titled Tuesday intern op 14th April"]
[Site "Chess.com INT"]
[Date "2020.04.14"]
[Round "8"]
[White "De Borba, Guilherme"]
[Black "Snodgrass, Benjamin"]
[Result "0-1"]
[WhiteElo "2279"]
[BlackElo "2031"]
[PlyCount "74"]
[EventDate "2020.04.14"]
[EventType "swiss (blitz)"]
[EventRounds "10"]
[EventCountry "USA"]
[SourceTitle "EXT 2021"]
[Source "ChessBase"]
[SourceDate "2020.10.23"]
[SourceVersion "1"]
[SourceVersionDate "2020.10.23"]
[SourceQuality "1"]

1. d4 d5 2. Bf4 Nf6 3. e3 c5 4. dxc5 Nc6 5. Bb5 e6 6. b4 a5 7. c3 Bd7 8. Nf3 axb4 9. Bxc6 Bxc6 10. cxb4 b6 11. Nc3 bxc5 12. b5 Qa5 13. bxc6 Qxc3+ 14. Kf1 Be7 15. g4 0-0 16. g5 Ne4 17. h4 Qb2 18. Rh2 Nc3 19. Qe1 Ne4 20. h5 Qb5+ 21. Kg2 Qxc6 22. g6 h6 23. gxf7+ Rxf7 24. Ne5 Qb7 25. Nxf7 Kxf7 26. Qe2 d4 27. Qf3 Kg8 28. Rhh1 d3 29. Rab1 Qd5 30. Rhd1 Rxa2 31. Rb8+ Kh7 32. Bg3 Bd6 33. Rdb1 Bxg3 34. Rh8+ Kxh8 35. Rb8+ Kh7 36. Qf8 Rxf2+ 37. Kh3 Rxf8 0-1

[Event "Titled Tuesday intern op 7th Januar"]
[Site "Chess.com INT"]
[Date "2020.01.07"]
[Round "7"]
[White "Markovits, Alex"]
[Black "Snodgrass, Benjamin"]
[Result "0-1"]
[WhiteElo "2153"]
[BlackElo "2018"]
[PlyCount "98"]
[EventDate "2020.01.07"]
[EventType "swiss (blitz)"]
[EventRounds "10"]
[EventCountry "USA"]
[SourceTitle "EXT 2021"]
[Source "ChessBase"]
[SourceDate "2020.10.23"]
[SourceVersion "1"]
[SourceVersionDate "2020.10.23"]
[SourceQuality "1"]

1. e4 c5 2. c3 Nf6 3. e5 Nd5 4. Nf3 Nc6 5. Bc4 Nb6 6. Bb3 g6 7. 0-0 Bg7 8. Re1 0-0 9. Qe2 d5 10. h3 c4 11. Bc2 d4 12. cxd4 Nxd4 13. Nxd4 Qxd4 14. Nc3 Be6 15. Qe3 Qd7 16. d4 Rfd8 17. Ne2 Nd5 18. Qg3 Nb4 19. Be4 Bd5 20. Nc3 Bxe4 21. Rxe4 Nc2 22. Rb1 Nxd4 23. Bf4 Qc6 24. Rbe1 Nf5 25. Qf3 Rd3 26. Qe2 Rad8 27. Bc1 e6 28. a3 a6 29. Qf1 b5 30. Qe2 a5 31. Nb1 b4 32. axb4 axb4 33. Bd2 c3 34. bxc3 bxc3 35. Bxc3 Rxc3 36. Nxc3 Qxc3 37. Rc4 Qa5 38. Re4 h5 39. h4 Rd5 40. g3 Nd4 41. Qd1 Nf5 42. Qe2 Qd8 43. Kg2 Rd2 44. Qf3 Qd3 45. Qxd3 Rxd3 46. Rb1 Rd5 47. Rbe1 Nd4 48. Rd1 Nc6 49. Rxd5 exd5 0-1

[Event "Titled Tuesday intern op 7th Januar"]
[Site "Chess.com INT"]
[Date "2020.01.07"]
[Round "8"]
[White "Snodgrass, Benjamin"]
[Black "Gschnitzer, Adrian"]
[Result "1-0"]
[WhiteElo "2018"]
[BlackElo "2388"]
[PlyCount "129"]
[EventDate "2020.01.07"]
[EventType "swiss (blitz)"]
[EventRounds "10"]
[EventCountry "USA"]
[SourceTitle "EXT 2021"]
[Source "ChessBase"]
[SourceDate "2020.10.23"]
[SourceVersion "1"]
[SourceVersionDate "2020.10.23"]
[SourceQuality "1"]

1. d4 Nf6 2. c4 c5 3. d5 b5 4. cxb5 a6 5. bxa6 g6 6. Nc3 Bg7 7. Nf3 0-0 8. e4 Qa5 9. Bd2 Qb4 10. Bd3 Bxa6 11. Nb5 Qxb2 12. Bc3 Qxb5 13. Bxb5 Bxb5 14. a4 Ba6 15. Qc2 d6 16. Nd2 Nbd7 17. f3 c4 18. Kf2 Nc5 19. Rhb1 Bh6 20. Bxf6 exf6 21. Nxc4 Rfc8 22. Rb4 Rab8 23. Rab1 Rxb4 24. Rxb4 Nd7 25. Qb3 Nc5 26. Qc3 f5 27. Kg1 Bg7 28. e5 dxe5 29. Nd6 e4 30. Qd2 Rd8 31. Nb5 Nd3 32. fxe4 Nxb4 33. Qxb4 fxe4 34. Qxe4 Bb7 35. Qe7 Rb8 36. Qc7 Be5 37. Qxe5 Rc8 38. Nd6 Rc1+ 39. Kf2 Rc2+ 40. Ke3 Ba6 41. Qe8+ Kg7 42. Qxf7+ Kh6 43. Qf8+ Kh5 44. Qf3+ Kh6 45. Nf7+ Kg7 46. Ng5 Rc3+ 47. Kf4 Rxf3+ 48. Kxf3 Bb7 49. Ke4 Kf6 50. Ne6 h6 51. Nc5 Ba8 52. a5 h5 53. h4 g5 54. hxg5+ Kxg5 55. Ke5 h4 56. d6 Bxg2 57. d7 h3 58. d8Q+ Kg4 59. Qg8+ Kf3 60. Qf7+ Kg3 61. Ne4+ Bxe4 62. Kxe4 h2 63. Qf4+ Kg2 64. Qxh2+ Kxh2 65. a6 1-0

[Event "North Carolina op"]
[Site "Charlotte"]
[Date "2018.11.16"]
[Round "1"]
[White "Snodgrass, Benjamin"]
[Black "Velasquez, Alexander S"]
[Result "0-1"]
[WhiteElo "1997"]
[BlackElo "1738"]
[PlyCount "66"]
[EventDate "2018.11.16"]
[EventType "swiss"]
[EventRounds "5"]
[EventCountry "USA"]
[SourceTitle "CBM 187 Extra"]
[Source "ChessBase"]
[SourceDate "2018.11.04"]
[SourceVersion "1"]
[SourceVersionDate "2018.11.04"]
[SourceQuality "1"]

1. d4 g6 2. c4 Bg7 3. e4 c5 4. d5 d6 5. Bd3 Nf6 6. Nc3 0-0 7. Nge2 Na6 8. a3 Nc7 9. Bg5 a6 10. Qd2 b5 11. h4 bxc4 12. Bxc4 Rb8 13. h5 Ng4 14. f3 Ne5 15. b3 Nb5 16. Bh6 Bf6 17. Bxf8 Qxf8 18. Bxb5 axb5 19. Rb1 b4 20. axb4 cxb4 21. Nd1 Ba6 22. Nf2 Qd8 23. hxg6 hxg6 24. f4 Nd7 25. Ng4 Bg7 26. Nd4 Qb6 27. Ne2 Nc5 28. Nf2 Qb5 29. Ng3 Bc3 30. Rb2 Nd3+ 31. Kd1 Bxd2 32. Rxd2 Nxf2+ 33. Rxf2 Qd3+ 0-1

[Event "US Masters op"]
[Site "Greensboro"]
[Date "2018.08.20"]
[Round "7"]
[White "Snodgrass, Benjamin"]
[Black "Vazquez Maccarini, Danitza"]
[Result "1/2-1/2"]
[WhiteElo "2012"]
[BlackElo "2295"]
[PlyCount "95"]
[EventDate "2018.08.17"]
[EventType "swiss"]
[EventRounds "9"]
[EventCountry "USA"]
[SourceTitle "CBM 186 Extra"]
[Source "ChessBase"]
[SourceDate "2018.08.24"]
[SourceVersion "1"]
[SourceVersionDate "2018.08.24"]
[SourceQuality "1"]

1. c4 e5 2. Nc3 Nc6 3. g3 Nf6 4. Bg2 Bc5 5. d3 d6 6. Nf3 h6 7. 0-0 a6 8. a3 Ba7 9. b4 0-0 10. Rb1 Be6 11. Bb2 Qd7 12. e3 Ne7 13. a4 Ng6 14. Qc2 Nh5 15. b5 axb5 16. Nxb5 Bb6 17. d4 c6 18. Nxd6 Qxd6 19. c5 Bxc5 20. dxc5 Qc7 21. Bc3 Nf6 22. e4 Nd7 23. Bb4 f5 24. Nd2 f4 25. Rfc1 Kh7 26. a5 Nf6 27. Bc3 Ng4 28. Nf3 fxg3 29. hxg3 Rf7 30. Be1 Raf8 31. Qc3 Ne7 32. Rc2 Nc8 33. Rcb2 Na7 34. Rxb7 Qxb7 35. Rxb7 Rxb7 36. a6 Rb1 37. Qc2 Rfb8 38. Bh3 Ne3 39. Qd2 Bxh3 40. Qxe3 R8b3 41. Qe2 Bg4 42. Ng5+ hxg5 43. Qxg4 Rxe1+ 44. Kg2 Ra3 45. Qh5+ Kg8 46. Qe8+ Kh7 47. Qh5+ Kg8 48. Qe8+ 1/2-1/2